Вираження негативних рис характеру людини засобами англійської фразеології (Запис № 283955)

МАРК-запис
000 -LEADER
fixed length control field 01222nam a22001577a 4500
041 ## - LANGUAGE CODE
Language code of text/sound track or separate title ukr
080 ## - UNIVERSAL DECIMAL CLASSIFICATION NUMBER
Universal Decimal Classification number 09
090 ## - LOCALLY ASSIGNED LC-TYPE CALL NUMBER (OCLC); LOCAL CALL NUMBER (OCLC)
Local cutter number (OCLC) ; Book number/undivided call number, CALL (RLIN) СТМ
100 ## - MAIN ENTRY--PERSONAL NAME
Personal name Стельмах Т.М.
245 ## - TITLE STATEMENT
Title Вираження негативних рис характеру людини засобами англійської фразеології
260 ## - PUBLICATION, DISTRIBUTION, ETC. (IMPRINT)
Place of publication, distribution, etc Острог
Name of publisher, distributor, etc КАФ
Date of publication, distribution, etc 2007
300 ## - PHYSICAL DESCRIPTION
Extent 49
520 ## - SUMMARY, ETC.
Summary, etc ВСТУП.<br/>РОЗДІЛ 1. ФРАЗЕОЛОГІЯ ЯК РОЗДІЛ НАУКИ ПРО МОВУ.<br/>1.1. Склад компонентів і будова ФО.<br/>1.2. Конотативний аспект значення ФО.<br/>1.3. Прагматичний аспект значення ФО.<br/>РОЗДІЛ 2. ХАРАКТЕРИСТИКА фо НА ПОЗНАЧЕННЯ НЕГАТИВНИХ РИС ХАРАКТЕРУ ЛЮДИНИ.<br/>2.1. Фразеологізми на позначення дурості.<br/>2.2. Фразеологізми на позначення зухвалості та пихатості.<br/>Фразеологізми на позначення ледарства та боягузства.<br/>ВИСНОВКИ.
-- Риси характеру, фразеологія.
650 ## - SUBJECT ADDED ENTRY--TOPICAL TERM
Topical term or geographic name as entry element Research Papers
942 ## - ADDED ENTRY ELEMENTS (KOHA)
Koha item type Книги
Фонди
Withdrawn status Lost status Source of classification or shelving scheme Damaged status Not for loan Home library Current library Date acquired Source of acquisition Cost, normal purchase price Total Checkouts Full call number Barcode Date last seen Price effective from Koha item type
    Universal Decimal Classification     ВІЛ - Відділ іноземн. літератури НБ ВІЛ - Відділ іноземн. літератури НБ 16/04/2009 Акт №1 1.00   09 213288 15/12/2021 16/04/2009 Книги